[Event "Oceania-ch U16"]
[Site "Auckland"]
[Date "2019.01.08"]
[Round "2"]
[White "Wang, Jason2"]
[Black "Lin, Kerry"]
[Result "1/2-1/2"]
[WhiteElo "1799"]
[BlackElo "1966"]
[PlyCount "30"]
[EventDate "2019.01.08"]
[EventType "swiss"]
[EventRounds "9"]
[EventCountry "NZL"]
[SourceTitle "EXT 2021"]
[Source "ChessBase"]
[SourceDate "2020.10.23"]
[SourceVersion "1"]
[SourceVersionDate "2020.10.23"]
[SourceQuality "1"]

1. e4 c5 2. Nf3 e6 3. c4 Nc6 4. Nc3 d6 5. Be2 g6 6. 0-0 Bg7 7. d3 Nge7 8. Be3 0-0 9. Qd2 Bd7 10. Rab1 a6 11. a3 Nd4 12. b4 b6 13. Bh6 Nec6 14. Bxg7 Kxg7 15. Nxd4 Nxd4 1/2-1/2

[Event "Doeberl Cup 56th"]
[Site "Canberra"]
[Date "2018.03.30"]
[Round "4"]
[White "Lin, Kerry"]
[Black "Ng, Clive"]
[Result "1-0"]
[WhiteElo "1851"]
[BlackElo "2036"]
[PlyCount "43"]
[EventDate "2018.03.29"]
[EventType "swiss"]
[EventRounds "9"]
[EventCountry "AUS"]
[SourceTitle "EXT 2023"]
[Source "ChessBase"]
[SourceDate "2022.10.05"]
[SourceVersion "1"]
[SourceVersionDate "2022.10.05"]
[SourceQuality "1"]

1. e4 e5 2. Nf3 Nc6 3. Bc4 Bc5 4. c3 Nf6 5. d4 exd4 6. cxd4 Bb4+ 7. Nc3 d5 8. exd5 Nxd5 9. 0-0 Bxc3 10. bxc3 0-0 11. Qc2 Bg4 12. Ng5 Nf6 13. Ba3 h6 14. Bxf8 hxg5 15. Ba3 Na5 16. Bd3 Nd5 17. Rae1 Nf4 18. Bc1 Qf6 19. Bxf4 gxf4 20. f3 Be6 21. Qe2 Nc6 22. d5 1-0

[Event "Oceania zt 3.6"]
[Site "Auckland"]
[Date "2017.01.20"]
[Round "9"]
[White "Lin, Kerry"]
[Black "Fikh, Anthony"]
[Result "0-1"]
[WhiteElo "1828"]
[BlackElo "1553"]
[PlyCount "89"]
[EventDate "2017.01.14"]
[EventType "swiss"]
[EventRounds "9"]
[EventCountry "NZL"]
[SourceTitle "EXT 2018"]
[Source "ChessBase"]
[SourceDate "2017.10.13"]
[SourceVersion "1"]
[SourceVersionDate "2017.10.13"]
[SourceQuality "1"]

1. e4 c6 2. g3 d5 3. e5 c5 4. c3 Nc6 5. d4 cxd4 6. cxd4 Qb6 7. Ne2 Bg4 8. Nbc3 Bf3 9. Rg1 e6 10. a3 Nge7 11. Bh3 Bxe2 12. Nxe2 Na5 13. b4 Nc4 14. Nc3 Nc6 15. Be3 a5 16. b5 Na7 17. Qa4 Be7 18. Ke2 Nc8 19. Rgb1 h6 20. f4 g6 21. Kf2 Na7 22. Rb3 h5 23. Rbb1 g5 24. f5 Nxe3 25. Kxe3 g4 26. Bg2 Bg5+ 27. Kd3 0-0 28. f6 Rac8 29. Bxd5 Rfd8 30. Bxe6 Qxe6 31. Re1 Qf5+ 32. Re4 Rxc3+ 33. Kxc3 Qxe4 34. Rd1 Rc8+ 35. Kb2 Qe2+ 36. Ka1 Qxd1+ 37. Qxd1 Rc1+ 38. Kb2 Rxd1 39. a4 Rxd4 40. e6 fxe6 41. h4 gxh3 42. f7+ Kxf7 43. g4 h2 44. gxh5 h1Q 45. b6 0-1

[Event "Oceania zt 3.6"]
[Site "Auckland"]
[Date "2017.01.17"]
[Round "6"]
[White "Shen, Kevin"]
[Black "Lin, Kerry"]
[Result "0-1"]
[WhiteElo "1672"]
[BlackElo "1828"]
[PlyCount "116"]
[EventDate "2017.01.14"]
[EventType "swiss"]
[EventRounds "9"]
[EventCountry "NZL"]
[SourceTitle "EXT 2018"]
[Source "ChessBase"]
[SourceDate "2017.10.13"]
[SourceVersion "1"]
[SourceVersionDate "2017.10.13"]
[SourceQuality "1"]

1. d4 f5 2. c4 e6 3. Nc3 Nf6 4. Nf3 b6 5. e3 Bb7 6. Bd3 Bb4 7. Qc2 Qe7 8. Bd2 Bxc3 9. Bxc3 Be4 10. Bxe4 Nxe4 11. Nd2 Nxc3 12. Qxc3 0-0 13. 0-0-0 c6 14. Rdg1 d5 15. Kb1 Nd7 16. f4 Nf6 17. h3 Rac8 18. g4 c5 19. gxf5 exf5 20. Qd3 Rfe8 21. Qxf5 cxd4 22. exd4 dxc4 23. Rc1 Qb4 24. Rhg1 Kh8 25. Qg5 Re7 26. Ne4 Rf8 27. Ng3 Ref7 28. Nh5 Nxh5 29. Qxh5 Rxf4 30. Qe5 R4f6 31. Qc7 R6f7 32. Qxc4 Qd6 33. d5 Rd7 34. Rgd1 Rfd8 35. Qa4 h6 36. Rc6 Qe5 37. Re6 Qf5+ 38. Qe4 Qxe4+ 39. Rxe4 Rxd5 40. Rxd5 Rxd5 41. Kc2 Rf5 42. Re3 Kh7 43. Rg3 Rf2+ 44. Kc3 g5 45. Rd3 Kg6 46. a3 Rf4 47. b3 Kh5 48. Kc2 Kh4 49. Kd2 Rf2+ 50. Ke1 Rh2 51. Rd6 h5 52. Rd7 Rxh3 53. Rxa7 Rxb3 54. Ra4+ Kh3 55. Ra8 g4 56. Rh8 h4 57. Rc8 Rxa3 58. Rc2 g3 0-1

[Event "Oceania zt 3.6"]
[Site "Auckland"]
[Date "2017.01.15"]
[Round "3"]
[White "Lin, Kerry"]
[Black "Kethro, Michael"]
[Result "0-1"]
[WhiteElo "1828"]
[BlackElo "2091"]
[PlyCount "80"]
[EventDate "2017.01.14"]
[EventType "swiss"]
[EventRounds "9"]
[EventCountry "NZL"]
[SourceTitle "CBM 176 Extra"]
[Source "ChessBase"]
[SourceDate "2017.03.02"]
[SourceVersion "1"]
[SourceVersionDate "2017.03.02"]
[SourceQuality "1"]

1. c4 c6 2. Nf3 d5 3. cxd5 cxd5 4. d4 Nf6 5. Nc3 Nc6 6. Bg5 Ne4 7. Bf4 Nxc3 8. bxc3 g6 9. e3 Bg7 10. Be2 0-0 11. 0-0 Na5 12. Qd2 Bf5 13. Bd3 Bxd3 14. Qxd3 Rc8 15. Rab1 b6 16. Rfc1 Nc4 17. Nd2 Qd7 18. Nxc4 Rxc4 19. f3 Rfc8 20. Rb3 e6 21. Kf2 Bf8 22. e4 b5 23. a3 a6 24. Ke2 Qc6 25. Bd2 Ra4 26. Ra1 Be7 27. g3 Ra8 28. Qb1 Qc4+ 29. Kf2 dxe4 30. fxe4 e5 31. Be3 f5 32. exf5 Rf8 33. Qa2 Rxf5+ 34. Kg1 Rf3 35. Bf2 exd4 36. Bxd4 Bc5 37. Bxc5 Qxc5+ 38. Kg2 Rf7 39. Rf1 Qd5+ 40. Kh3 Rxf1 0-1